Dublin Postal Codes - Statistics

General Stats
  • This quiz has been taken 31 times
  • The average score is 22 of 24
Answer Stats
Answer % Correct
D1
100%
D2
100%
D3
100%
D4
100%
D5
96%
D6
96%
D10
92%
D11
92%
D12
92%
D13
92%
D7
92%
D8
92%
D9
92%
D14
88%
D15
88%
D16
88%
D17
88%
D18
88%
D19
88%
D20
88%
D21
88%
D22
88%
D23
88%
D24
88%
No matching quizzes found
Score Distribution
Percent of People with Each Score
Percentile by Number Answered
Your Score History
You have not taken this quiz